Sistema legal de la industria cinematografica en Colombia / (Registro nro. 11236)
[ vista simple ]
| 000 -LEADER | |
|---|---|
| fixed length control field | 01186nam a2200289 4500 |
| 001 - CONTROL NUMBER | |
| control field | 0000020577 |
| 003 - CONTROL NUMBER IDENTIFIER | |
| control field | CO-CtgCURN |
| 005 - DATE AND TIME OF LATEST TRANSACTION | |
| control field | 20250329191020.0 |
| 007 - PHYSICAL DESCRIPTION FIXED FIELD--GENERAL INFORMATION | |
| fixed length control field | ta |
| 008 - FIXED-LENGTH DATA ELEMENTS--GENERAL INFORMATION | |
| fixed length control field | 160627s2000 000 0 eng d |
| 020 ## - INTERNATIONAL STANDARD BOOK NUMBER | |
| International Standard Book Number | 9588051975 |
| 040 ## - CATALOGING SOURCE | |
| Original cataloging agency | CO-CtgCURN |
| Language of cataloging | spa |
| Transcribing agency | coctgcurn |
| 082 0# - DEWEY DECIMAL CLASSIFICATION NUMBER | |
| Classification number | 778.53 |
| Item number | C17s |
| 100 1# - MAIN ENTRY--PERSONAL NAME | |
| Personal name | Castellanos Valenzuela, Gonzalo. |
| 245 10 - TITLE STATEMENT | |
| Title | Sistema legal de la industria cinematografica en Colombia / |
| Statement of responsibility, etc. | Gonzalo Castellanos Valenzuela. |
| 260 ## - PUBLICATION, DISTRIBUTION, ETC. | |
| Place of publication, distribution, etc. | Bogotá : |
| Name of publisher, distributor, etc. | Universidad Nacional de Colombia, |
| Date of publication, distribution, etc. | 2000. |
| 300 ## - PHYSICAL DESCRIPTION | |
| Extent | 263 p. |
| 336 ## - CONTENT TYPE | |
| Source | rdacontent |
| 337 ## - MEDIA TYPE | |
| Source | rdamedia |
| Media type term | sin mediacion |
| Media type code | n |
| 338 ## - CARRIER TYPE | |
| Source | rdacarrier |
| Carrier type term | volumen |
| Carrier type code | nc |
| 500 ## - GENERAL NOTE | |
| General note | Incluye indice tematico. |
| 505 8# - FORMATTED CONTENTS NOTE | |
| Formatted contents note | Metodología.--Metodo de consulta.--Normas generales regulatoria de la actividad cinematografica.--Disposiciones constitucionales y legales relacionadas.--Clasificacion de peliculas, registros y clasificacion de salas de exhibicion cinematografica.--Sistema de informacion cinematografica |
| 650 14 - SUBJECT ADDED ENTRY--TOPICAL TERM | |
| Topical term or geographic name entry element | Cinematica |
| Form subdivision | Enseñanza. |
| 908 ## - PUT COMMAND PARAMETER (RLIN) | |
| Put command parameter | 160627 |
| 942 ## - ADDED ENTRY ELEMENTS (KOHA) | |
| Koha item type | Libros |
| Classification part | 778.53 |
| Item part | C17s |
| Source of classification or shelving scheme | Dewey Decimal Classification |
| Withdrawn status | Lost status | Source of classification or shelving scheme | Damaged status | Not for loan | Collection | Home library | Current library | Shelving location | Date acquired | Inventory number | Total checkouts | Full call number | Barcode | Date last seen | Price effective from | Koha item type | Public note |
|---|---|---|---|---|---|---|---|---|---|---|---|---|---|---|---|---|---|
| Dewey Decimal Classification | General | Miguel Henríquez Castañeda | Miguel Henríquez Castañeda | General | 03/29/2025 | 012105 | 778.53 C17s | 012105 | 03/29/2025 | 03/29/2025 | Libros | 770-FOTOGR |